Rubrikátor medzinárodného systému vedeckých a technických informácií

Salvato in:
Dettagli Bibliografici
Natura: Libro
Lingua:slovacco
Pubblicazione: Bratislava Slovenská technická knižnica 1986
Edizione:2. vyd.
Tags: Aggiungi Tag
Nessun Tag, puoi essere il primo ad aggiungerne!!

MARC

LEADER 00000nam a2200000 4500
001 c034206
005 20221219101200.9
041 0 |a slo 
044 |a SK 
245 1 0 |a Rubrikátor medzinárodného systému vedeckých a technických informácií 
250 |a 2. vyd. 
264 1 |a Bratislava  |b Slovenská technická knižnica  |c 1986 
300 |a 278 s.